000 00310 a2200157 4500
001 168583
020 _a
040 _cMagnum
100 _aPaulino, Wilson Roberto
240 1 0 _aDrogas
_lpor
245 1 0 _aDrogas
362 0 _a1899
440 1 _aÁtica
697 _aCIENCIAS MEDICAS SAUDE
942 _cBK
999 _c168583
_d168583